Selected shorter writings of Mark Twain

שמור ב:
מידע ביבליוגרפי
פורמט: ספר
שפה:English
יצא לאור: Boston, Estados Unidos Houghton Mifflin Company 1962
נושאים:
תגים: הוספת תג
אין תגיות, היה/י הראשונ/ה לתייג את הרשומה!

MARC

LEADER 00000nam a2200000Ia 4500
008 170316s9999 xx 000 0 eng d
040 |a cru BVZT 
090 |a C-810 S-1s 
245 |a Selected shorter writings of Mark Twain 
260 |a Boston, Estados Unidos 
260 |b Houghton Mifflin Company 
260 |c 1962 
300 |a 388 páginas 
650 |a LITERATURA ESTADOUNIDENSE 
650 |a CRÍTICA 
942 |c 15 D 
999 |c 12868  |d 12868